| 000 | 01296cam a2200361 i 4500 | ||
|---|---|---|---|
| 999 |
_c200443419 _d61631 |
||
| 001 | 200443419 | ||
| 003 | TR-AnTOB | ||
| 005 | 20220630135435.0 | ||
| 007 | ta | ||
| 008 | 090317s1974 tu s 000 0 tur d | ||
| 035 | _a(OCoLC)949551169 | ||
| 035 | _a(TR-AnTOB)200443419 | ||
| 040 |
_aBGZ _beng _erda _cBGZ _dOCLCO _dOCLCF _dOCLCQ _dOCLCA _dSULEY _dTR-AnTOB |
||
| 041 | 0 | _atur | |
| 043 | _aa-tu--- | ||
| 050 | 1 | 4 |
_aHD9715.T92 _bİ83 1974 |
| 090 |
_aHD9715.T92 _bİ83 1974 |
||
| 245 | 0 | 0 |
_aİşçilik, araç ve gereç ücret ve fiyatları 1962-1974 : _bİnşaat birim fiyatları 1960-1974. |
| 264 | 1 |
_aAnkara : _bTBTAK Yapı Araştırması Enstitüsü, _c1974. |
|
| 300 |
_a116 pages : _btables ; _c30 cm |
||
| 336 |
_atext _btxt _2rdacontent |
||
| 337 |
_aunmediated _bn _2rdamedia |
||
| 338 |
_avolume _bnc _2rdacarrier |
||
| 490 | 0 |
_aYAE ; _vyayın no: a19. |
|
| 650 | 7 |
_aYapı endüstrisi _zTürkiye _vİstatistikler _2etuturkob _9132519 |
|
| 650 | 7 |
_aÜcretler _xYapı endüstrisi _zTürkiye _2etuturkob _9132520 |
|
| 650 | 7 |
_aYapı endüstrisi _xFiyatlar _2etuturkob _9132521 |
|
| 650 | 7 |
_aYapı _xMaliyet tahminleri _2etuturkob _976099 |
|
| 710 | 2 |
_aTürkiye Bilimsel ve Teknolojik Araştırma Kurumu _970794 |
|
| 942 |
_2lcc _cBK |
||